Softball - Statistics

General Stats
  • This quiz has been taken 317 times
  • The average score is 12 of 15
Answer Stats
Answer % Correct
position pitcher
95%
position catcher
94%
position left field
91%
position right field
91%
position shortstop
91%
position center field
90%
pitch fastball
79%
position 1st base
77%
position 2nd base
77%
position 3rd base
77%
pitch changeup
73%
pitch curveball
72%
pitch riseball
71%
pitch dropball
69%
pitch screwball
65%
No matching quizzes found
Score Distribution
Percent of People with Each Score
Percentile by Number Answered
Your Score History
You have not taken this quiz